000 01036nam a22003017a 4500
001 00000157781
003 DO-SdBNP
005 20180313141234.0
007 00000157781
008 160518b 2014 dr a ||||| |||| 00| 0 spa d
020 _a9789945472325
040 _aBPMSU
_bspa
_cBPMSU
082 0 4 _a378.53
_bU99q 2014
100 1 _aUzcanga, Izaskun
245 1 _aQuímica orgánica :
_bprácticas de laboratorio /
_cIzaskun Uzcanga, Alfredo Pérez.
260 _aSanto Domingo :
_bInstituto Tecnológico de Santo Domingo,
_c2014.
300 _avii,153 p. :
_bil. ;
_c28 cm.
504 _aBibliografía : p. 153
650 4 _aQUÍMICA
_xENSEÑANZA SUPERIOR
650 4 _aQUÍMICA
_xEDUCACIÓN SUPERIOR
650 4 _aQUÍMICA
_xEDUCACIÓN SUPERIOR
_zREPÚBLICA DOMINICANA
650 4 _aFÍSICA
_xMANUALES DE LABORATORIO
700 1 _aPérez, Alfredo
910 _aValidado. Control de calidad MFF
942 _2ddc
_cBK
945 _aRemanejado para la BNPHU / 2018 BT
956 _2LOPEREZ
_310
_620160518
_8BPMSU
_a00041
999 _c10161
_d10161